Единая система конструкторской документации; ГОСТ 2.501-88 Единая система конструкторской документации. Правила учета и хранения; ГОСТ 2.502-68 Единая система конструкторской документации. Правила дублировании; ГОСТ 2.503-90 Единая система конструкторской документации. Правила внесения изменения; ГОСТ 2.601-2006 Единая система конструкторской документации. Эксплутационные документы; ГОСТ 2.602-95 Единая система конструкторской документации. Ремонтные документы; ГОСТ 2.603-68 Единая система конструкторской документации. Внесение изменений в эксплутационную и ремонтную документацию; ГОСТ 2.604-2000 Единая система конструкторской документации. Общие требования; ГОСТ 2.605-68 Единая система конструкторской документации. Плакаты учебно-технические. Общие технические требования; ГОСТ 2.608-78 Единая система конструкторской документации. Порядок записи сведений о драгоценных материалах в эксплутационных документах; ГОСТ 2.610-2006 Единая система конструкторской документации. Правила выполнения эксплутационных документов
| Sprog: | russisk |
|---|---|
| Udgivet: |
Москва, Стандартинформ, 2008
|
| Udgivelse: | официальное изд. |
| TOC: | ГОСТ 2.501-88 Единая система конструкторской документации. Правила учета и хранения; ГОСТ 2.502-68 Единая система конструкторской документации. Правила дублировании; ГОСТ 2.503-90 Единая система конструкторской документации. Правила внесения изменения; ГОСТ 2.601-2006 Единая система конструкторской документации. Эксплутационные документы; ГОСТ 2.602-95 Единая система конструкторской документации. Ремонтные документы; ГОСТ 2.603-68 Единая система конструкторской документации. Внесение изменений в эксплутационную и ремонтную документацию; ГОСТ 2.604-2000 Единая система конструкторской документации. Общие требования; ГОСТ 2.605-68 Единая система конструкторской документации. Плакаты учебно-технические. Общие технические требования; ГОСТ 2.608-78 Единая система конструкторской документации. Порядок записи сведений о драгоценных материалах в эксплутационных документах; ГОСТ 2.610-2006 Единая система конструкторской документации. Правила выполнения эксплутационных документов; |
| Serier: | Национальные стандарты |
| Fag: | |
| Format: | Bog |
| KOHA link: | https://koha.lib.tpu.ru/cgi-bin/koha/opac-detail.pl?biblionumber=70379 |
MARC
| LEADER | 00000nam0a2200000 4500 | ||
|---|---|---|---|
| 001 | 70379 | ||
| 005 | 20231031081404.0 | ||
| 035 | |a (RuTPU)RU\TPU\book\74941 | ||
| 035 | |a RU\TPU\book\143592 | ||
| 090 | |a 70379 | ||
| 100 | |a 20080305d2008 k y0rusy50 ca | ||
| 101 | 0 | |a rus | |
| 102 | |a RU | ||
| 105 | |a a l 000zy | ||
| 200 | 1 | |a Единая система конструкторской документации | |
| 205 | |a официальное изд. | ||
| 210 | |a Москва |c Стандартинформ |d 2008 | ||
| 215 | |a 175 с. |c ил. | ||
| 225 | 1 | |a Национальные стандарты | |
| 464 | |t ГОСТ 2.501-88 Единая система конструкторской документации. Правила учета и хранения | ||
| 464 | |t ГОСТ 2.502-68 Единая система конструкторской документации. Правила дублировании | ||
| 464 | |t ГОСТ 2.503-90 Единая система конструкторской документации. Правила внесения изменения | ||
| 464 | |t ГОСТ 2.601-2006 Единая система конструкторской документации. Эксплутационные документы | ||
| 464 | |t ГОСТ 2.602-95 Единая система конструкторской документации. Ремонтные документы | ||
| 464 | |t ГОСТ 2.603-68 Единая система конструкторской документации. Внесение изменений в эксплутационную и ремонтную документацию | ||
| 464 | |t ГОСТ 2.604-2000 Единая система конструкторской документации. Общие требования | ||
| 464 | |t ГОСТ 2.605-68 Единая система конструкторской документации. Плакаты учебно-технические. Общие технические требования | ||
| 464 | |t ГОСТ 2.608-78 Единая система конструкторской документации. Порядок записи сведений о драгоценных материалах в эксплутационных документах | ||
| 464 | |t ГОСТ 2.610-2006 Единая система конструкторской документации. Правила выполнения эксплутационных документов | ||
| 610 | 1 | |a ЕСКД | |
| 610 | 1 | |a единая система конструкторской документации | |
| 610 | 1 | |a стандарты | |
| 610 | 1 | |a конструкторская документация | |
| 675 | |a 658.512.2(084) |v 3 | ||
| 801 | 1 | |a RU |b 63413507 |c 20041122 |g PSBO | |
| 801 | 2 | |a RU |b 63413507 |c 20221205 |g PSBO | |
| 942 | |c BK | ||